000 00385pam a2200157a 44500
008 230515b1987 xxu||||| |||| 00| 0 eng d
020 _a0
041 _aENGLISH
082 _a615.2 CAR
100 _aCARTER S.J.
245 _aCOOPER AND GUNNS DISPENSING FOR PHARMACEUICAL SUDENTS
250 _a12 TH
260 _aNEW DELHI
_bN.D.
_c1987
300 _a759
650 _aPHARMACEUICS
999 _c494120
_d494120